| 000 | 01423cam a22003491 4500 | ||
|---|---|---|---|
| 001 | 125629 | ||
| 005 | 20230410105404.0 | ||
| 008 | 720107t19891939nyu 000 0 eng | ||
| 035 | _9(DLC) 40004768 | ||
| 035 | _a5972979 | ||
| 010 | _a 40004768 | ||
| 020 | _a0717800989 | ||
| 035 | _a(OCoLC)192388 | ||
| 040 |
_aDLC _cOKentU _dOCoLC _dIaFairM _dOCoLC _dRUn _dDLC |
||
| 041 | _aeng | ||
| 041 | 1 |
_aeng _hrus |
|
| 050 | 1 | 4 |
_aHB 501 _bL566i 1989 |
| 082 | _a330.15 | ||
| 100 | 1 |
_aLenin, Vladimir Ilʹich, _d1870-1924. |
|
| 240 | 0 | 0 |
_aImperializm, kak noveĭshiĭ ėtap kapitalizma. _lEnglish |
| 245 | 1 | 0 |
_aImperialism, the highest stage of capitalism : _ba popular outline _c[by] V.I. Lenin. |
| 260 |
_aNew York, : _bInternational publishers, _c1989 |
||
| 300 |
_a128 p. : _c20 cm. |
||
| 504 | _aIncludes bibliographical references. | ||
| 505 | 0 | _aConcentration of production and monopolies -- The banks and their new role -- Finance capital and financial oligarchy -- The export of capital -- The division of the world among capitalist combines -- The division of the world among the great powers -- Imperialism as a special stage of capitalism -- The parasitism and decay of capitalism -- The critique of imperialism -- The place of imperialism in history. | |
| 650 | 0 | _aCapitalism. | |
| 650 | 0 | _aImperialism. | |
| 650 | 4 | _aCapitalismo. | |
| 650 | 4 | _aImperialismo. | |
| 942 |
_2lcc _cbk |
||
| 946 | _adpf | ||
| 999 |
_c35705 _d35705 |
||